Thuyền trưởng và đại úy. Tiểu thuyết / t.I :
Spremljeno u:
| Glavni autor: | |
|---|---|
| Daljnji autori: | |
| Format: | Sách giấy |
| Jezik: | Vietnamese |
| Izdano: |
Long An :
Hội Văn Nghệ,
1964.
|
| Oznake: |
Dodaj oznaku
Bez oznaka, Budi prvi tko označuje ovaj zapis!
|
| Thư viện lưu trữ: | Thư viện Trường Đại học Đà Lạt |
|---|
| LEADER | 00728nam a2200301 4500 | ||
|---|---|---|---|
| 001 | DLU140160110 | ||
| 005 | ##20140224 | ||
| 040 | # | # | |a DLU |b vie |
| 041 | # | # | |a vie |
| 044 | # | # | |a vn |
| 082 | # | # | |a 891.73 |b CA-V |
| 100 | # | # | |a Cavêrin, V. |
| 245 | # | # | |a Thuyền trưởng và đại úy. |n t.I : |b Tiểu thuyết / |c V. Cavêrin; Trần Kim Luân dịch. |
| 260 | # | # | |a Long An : |b Hội Văn Nghệ, |c 1964. |
| 300 | # | # | |a 399 tr. ; |c 19 cm. |
| 700 | # | # | |a Trần Kim Luân, |e dịch. |
| 923 | # | # | |a TL |
| 990 | # | # | |a t.I |
| 991 | # | # | |a SH |
| 992 | # | # | |a 0 |
| 994 | # | # | |a DLU |
| 900 | # | # | |a True |
| 911 | # | # | |a Nguyễn Huyền Anh |
| 925 | # | # | |a G |
| 926 | # | # | |a A |
| 927 | # | # | |a SH |
| 980 | # | # | |a Thư viện Trường Đại học Đà Lạt |